Statistics for Alfa Romeo Car Models Worldwide 2022-23

Click here to take the quiz!

General Stats

  • This quiz has been taken 307 times
    (204 since last reset)
  • The average score is 6 of 7

Answer Stats

HintAnswer% Correct
Compact SedanGiulia
93%
Sport SedanGiulia GTA
93%
Sport SedanGiulia GTAm
93%
Sport SedanGiulia Quadrifoglio
93%
Compact CrossoverStelvio
90%
Sport CrossoverStelvio Quadrifoglio
90%
Subcompact CrossoverTonale
75%

Score Distribution

Percentile by Number Answered

Percent of People with Each Score

Your Score History

You have not taken this quiz since the last reset